Statistiques concernant Top 15 des pays avec les décès de Covid-19 - 7 juillet 2021

Cliquez ici pour prendre le quiz!

Statistiques générales

  • Ce quiz a été pris 25 fois
  • Le résultat moyen est 11 sur 24

Statistiques - réponses

pays% Correct
France
100%
Etats-Unis
95%
Italie
95%
Allemagne
90%
Brésil
90%
Espagne
90%
Royaume-Uni
85%
Russie
75%
Inde
65%
Argentine
60%
Mexique
60%
Belgique
45%
Colombie
40%
Pérou
35%
Pologne
25%
Bulgarie
15%
Iran
15%
Tchèquie
10%
Croatie
5%
Hongrie
5%
Macédoine du Nord
5%
Slovaquie
5%
Slovénie
5%
Bosnie-Herzégovine
0%

Distribution des résultats

Percentile par nombre de réponses

% des personnes avec chaque résultat

Votre développement - résultats

Vous n’avez pas pris ce quiz